Histoire et royauté commençant par la lettre F - Statistiques

Statistiques générales
  • Ce quiz a été pris 86 fois
  • Le résultat moyen est 9 sur 20
Statistiques - réponses
Indice Réponse % Correct
Dictateur espagnol ayant aboli la monarchie avant de la restaurer à sa mort. Francisco Franco
97%
L'assassinat de cet archiduc, a déclenché la Première Guerre mondiale. Francois Ferdinand
95%
Symbole de la royauté française. Fleur de Lys
91%
Dernier souverain du Saint-Empire romain germanique, puis Empereur d'Autriche. François I
81%
Pays du Royaume de Suède jusqu'en 1809, puis grand-duché sous l'Empire russe. Finlande
75%
Terre donnée par un seigneur à un vassal en échange de services. Fief
68%
Système médiéval où le roi donnait des terres aux seigneurs, qui les donnaient à leurs vassaux et paysans en échange de services. Féodalité
65%
Monarchie pendant plus de mille ans, jusqu’en 1848. France
64%
Comté médiéval des rois de France, puis sous domination Bourguignonne, Espagnole et Autrichienne, aujourd'hui en Belgique. Flandre
60%
Petit drapeau utilisé pour représenter la royauté lors des batailles ou des cérémonies. Fanion
53%
Résidence royale depuis François Ier, symbole de pouvoir des rois de France. Fontainebleau
47%
Période de révoltes contre l'autorité monarchique en France commencée sous Henri IV et Louis XIII. Fronde
37%
Roi du Danemark durant la Première Guerre mondiale. Frederick VIII
21%
Son mariage avec Isabelle a permis l'unification des royaumes chrétiens d'Espagne. Ferdinand II d’Aragon
20%
En 1790, cette événement français a réuni Louis XVI et le peuple, symbolisant l'unité avant la fin de la royauté. Fête de la Fédération
15%
Premier et seul prince consort de Luxembourg. Félix de Bourbon-Parme
8%
Dernier roi d'Égypte avant la révolution de 1953. Fouad II
7%
Bataille du 8 messidor an II. Fleurus
4%
Château japonais, ancien centre du pouvoir féodal. Fukuoka
4%
Dernier roi d’Irak avant la révolution de 1958. Faisal II
3%
Aucun quiz correspondant
Distribution des résultats
% des personnes avec chaque résultat
Percentile par nombre de réponses
Votre historique - résultats
Vous n’avez pas pris ce quiz